000 00502nam a2200169Ia 4500
008 180921t2014 xxu||||| |||| 00| 0 sin d
041 _asin
080 _a294.3
_bSRI
100 _aSri Pagnananda, Karadana
245 _aතුණුරුවන් වැදීම සහ නවග්‍රහ කවච
246 _aThunuruwan Wadeema Saha Nawagraha Kawacha
260 _bGodage
_aColombo
_c2014
300 _b64p, 21cm
942 _cBK
999 _c5382
_d5382
003 LK-CoDNM
040 _aLK-CoDNM
_dLK-CoDNM
_eLK-CoDNM